P - Things that start with the letter 'P' - Statistics

General Stats
  • This quiz has been taken 950 times
  • The average score is 11 of 20
Answer Stats
Hint Answer % Correct
It's capital city is Lisbon Portugal
89%
This countries capital city is Lima Peru
85%
This pie is a traditional part of Thanksgiving meals In the USA Pumpkin
81%
The name of a 1995 Disney film about a Native American woman Pocahontas
78%
Mohammed Ali and Michael J Fox both suffer from this disease Parkinsons
77%
A device used to slow an object in descent, it is worn by airborne troops Parachute
72%
'Sting' was the lead singer with this band Police
69%
A music genre started in the 1970s and played by the 'Sex Pistols', 'The Clash' and similar groups Punk
69%
The avenue on which the White House is situated Pennsylvania
68%
Arizona state capital Phoenix
68%
Period after the birth of a child extending for about 6 weeks Postnatal
66%
'The Black _____' a fictional ship in 'Pirates of the Caribbean' Pearl
64%
This bear was named after a railway station where he was found and likes marmalade sandwiches Paddington
60%
The time before recorded history Prehistory
54%
A Hitchcock film of 1960 that was remade in 1998 based on the Wisconsin serial killer Ed Gein Psycho
50%
A massless particle of light Photon
45%
A Russian ballerina who had a meringue based dessert named after her Pavlova
35%
Derogatory term for wine of poor quality Plonk
12%
The growth of organisms in response to light Phototropism
5%
American civil war battle fought on 8 October 1862 that ended Bragg's Kentucky Campaign Perryville
2%
No matching quizzes found
Score Distribution
Percent of People with Each Score
Percentile by Number Answered
Your Score History
You have not taken this quiz